Presencia de la competencia mediática en los objetivos curriculares de la etapa de educación primaria.
में बचाया:
| मुख्य लेखक: | |
|---|---|
| अन्य लेखक: | , |
| स्वरूप: | पुस्तक |
| विषय: | |
| टैग: |
कोई टैग नहीं, इस रिकॉर्ड को टैग करने वाले पहले व्यक्ति बनें!
|
MARC
| LEADER | 00000nam^a2200000^u^4500 | ||
|---|---|---|---|
| 001 | 000534024 | ||
| 005 | 20260512000000.0 | ||
| 008 | 160304s10001000^^^^cr^^r^^^^^000^0^spa^d | ||
| 009 | 20260512123938.366 | ||
| 035 | |a FCE 000078272 | ||
| 037 | |a Acervo ITESO - Biblioteca | ||
| 095 | |a TEO EDU |b 1/2014 | ||
| 100 | |a Ramírez García, Antonia |e (autor) | ||
| 245 | 1 | 0 | |a Presencia de la competencia mediática en los objetivos curriculares de la etapa de educación primaria. |
| 264 | |a España : |b Universidad de Salamanca, |c 2014. | ||
| 300 | |a pp. 137-159 | ||
| 336 | |a texto |b txt |2 rdacontenido | ||
| 337 | |a sin mediación |b n |2 rdamedio | ||
| 338 | |a volumen |b nc |2 rdasoporte | ||
| 649 | |a XX | ||
| 650 | |a Educación básica | ||
| 650 | |a Medios de comunicación | ||
| 650 | |a Currículo | ||
| 650 | |a Investigación | ||
| 650 | |a Competencias | ||
| 650 | |a España | ||
| 740 | |g vol. 26, no.1, jun,2014, pp. 137-159 |t Teoría de la Educación. Revista Interuniversitaria. | ||
| 700 | |a Renés Arellano, Paula |e (autor) | ||
| 700 | |a García Ruiz, María Rosa |e (autor) | ||
| 856 | |a http://revistas.usal.es/~revistas_trabajo/index.php/1130-3743/article/view/teoredu2014261137159/12282 | ||
| 910 | |a Fondo Centro de Estudios Educativos | ||
| 920 | |a Impresos - Libros | ||
| 930 | |a Fondos Especiales | ||
| 905 | |a 133 | ||
| 902 | |a https://opac.biblio.iteso.mx/vufind/Record/000534024 | ||